• POPOLARE [DISCHI]

di Topical Term

Records bibliografici associati: 1

001 - CONTROL NUMBER

  • control field: 7683

003 - CONTROL NUMBER IDENTIFIER

  • control field: IT-RoPau

005 - DATE AND TIME OF LATEST TRANSACTION

  • control field: 20140105150556.0

008 - FIXED-LENGTH DATA ELEMENTS

  • fixed length control field: 140105|| aca||aabn | a|a d

040 ## - CATALOGING SOURCE

  • Original cataloging agency: IT-RoPau
  • Transcribing agency: IT-RoPau

150 ## - HEADING--TOPICAL TERM

  • Topical term or geographic name entry element: POPOLARE [DISCHI]
  • : Codice MATERIA SPICS: 9950

670 ## - SOURCE DATA FOUND

  • Source citation: Work cat.: (IT-RoPau)99729: AA.VV. 794, A.O.I.-Inni, marce e canzoni della guerra d'Africa (Lp Sm 3377)
CREDITS: SOCIETA' SAN PAOLO Via A.Severo, 58 - ROMA (RM) & PERIODICI SAN PAOLO SRL Via Giotto, 36 MILANO & CISF Via Giotto, 36 MILANO & EDIZIONI SAN PAOLO SRL,  Piazza Soncino, 5 CINISELLO BALSAMO (MI) -- ITALY